Elenca la formazione - Quiz n°27 - Statistics

Statistiche generali
  • Questo quiz è stato fatto 143 volte
  • Il punteggio medio è 10 su 11
Statistiche sulle risposte
Ruolo Nazione Calciatore % Corretto
Attaccante Portogallo Cristiano Ronaldo
100%
Centrocampista Croazia Luka Modrić
100%
Attaccante Galles Gareth Bale
99%
Attaccante Francia Karim Benzema
99%
Difensore Spgna Sergio Ramos
99%
Portiere Costa Rica Keylor Navas
98%
Difensore Portofallo Pepe
97%
Difensore Brasile Marcelo
95%
Difensore Spagna Daniel Carvajal
93%
Centrocampista Germania Toni Kroos
66%
Centrocampista Brasile Casemiro
35%
Nessun quiz corrispondente trovato
Distribuzione punteggi
Percentuale di utenti per punteggio
Percentile per numero di risposta
I tuoi punteggi nel tempo
Non hai fatto questo quiz